Sensemaking in an online community after financial loss: Enterprising Jamaican investors and the fall of a financial messiah (Record no. 347653)
[ view plain ]
| 000 -LEADER | |
|---|---|
| fixed length control field | 00538nam a2200133Ia 4500 |
| 008 - FIXED-LENGTH DATA ELEMENTS--GENERAL INFORMATION | |
| fixed length control field | 171207s9999 xx 000 0 und d |
| 100 ## - MAIN ENTRY--PERSONAL NAME | |
| Personal name | Bourne, Clea D. |
| 245 ## - TITLE STATEMENT | |
| Title | Sensemaking in an online community after financial loss: Enterprising Jamaican investors and the fall of a financial messiah |
| 245 ## - TITLE STATEMENT | |
| Statement of responsibility, etc | Clea D Bourne |
| 260 ## - PUBLICATION, DISTRIBUTION, ETC. (IMPRINT) | |
| Date of publication, distribution, etc | 2017 |
| 300 ## - PHYSICAL DESCRIPTION | |
| Extent | pages 843-860, June 2017 |
| 440 ## - SERIES STATEMENT/ADDED ENTRY--TITLE | |
| Title | New Media & Society |
| Volume number/sequential designation | 19:6 |
| 650 ## - SUBJECT ADDED ENTRY--TOPICAL TERM | |
| Topical term or geographic name as entry element | Enterprising investors, Jamaica, narrative, online communities, Ponzi schemes, sensemaking, speculation |
| Withdrawn status | Lost status | Damaged status | Home library | Current library | Date acquired | Total Checkouts | Date last seen | Price effective from | Koha item type |
|---|---|---|---|---|---|---|---|---|---|
| College Library | College Library | 12/07/2017 | 12/07/2017 | 12/07/2017 | Periodicals |